Najlepsi piłkarze rok 2004 (według transfermarkt) - Statystyki

Ogólne statystyki
  • Ten quiz został rozwiązany 15 razy
  • Średni wynik to 10 z 25
Statystyki odpowiedzi
Hint Odpowiedź % Poprawnych
3 Ronaldo
100%
1 Ronaldinho
86%
2 Thierry Henry
71%
22 Kaká
64%
9 Andriy Shevchenko
57%
19 Pavel Nedved
57%
24 Raúl
57%
6 Wayne Rooney
57%
11 Alessandro Nesta
50%
5 David Beckham
50%
8 Francesco Totti
50%
10 Patrick Vieira
50%
13 Roberto Carlos
50%
16 Michael Owen
43%
21 Samuel Eto'o
36%
14 Adriano
29%
15 Didier Drogba
21%
4 Ruud van Nistelrooy
21%
23 Fernando Torres
14%
18 Gianluca Zambrotta
14%
17 Michael Ballack
14%
25 Antonio Cassano
0%
20 Emerson
0%
7 José Antonio Reyes
0%
12 Ricardo Carvalho
0%
Nie znaleziono quizów pasujących do podanych kryteriów
Rozkład punktacji
Procent ludzi z każdym wynikiem
Percentyl według liczby udzielonych odpowiedzi
Twoja historia wyników
Nie rozwiązałeś tego quizu